000 00774nam a2200265Ia 4500
003 OSt
005 20220918195540.0
006 a|||||r|||| 00| 0
007 ta
008 220917b |||||||| |||| 00| 0 eng d
024 _a85,296
037 _cTextual
040 _aARTS
_cARTS
_beng
041 _2eng
_aeng
082 _aSN1:86, M2
100 _aKaroly Paul Ed.
_990585
245 0 _aSelf-management and behaviour change from theory to practice
260 _aNew York
_bPargamon Press
_c1982
300 _axii, 636p
_ccm.
490 _aPergamon general psychology series 106
650 _aPSYCHOLOGY
700 _a Kanfer Frederic H.
_990586
942 _hSN1:86, M2
_cTEXL
_2CC
999 _c209009
_d209009